00570nam a2200181Ia 4500001001000000003000500010008004100015010001100056040000900067082001800076100002600094245016600120250000800286260003700294300001100331650002500342650002100367Para_1845CHAP220125s1990 xx 000 0 und d a200492 cCHAP aPA 635.932 T5 aThomas, Graham Stuart aPeremial garden plants or the modern florilegium :b a concise account of herbaceous plants, including bulbs, for general garden use /c by Graham Stuart Thomas a3a. aPortland, Oregon :b Saga Press a463 p. aPlantas ornamentales aPlantas perenes